01646nam a2200349Ia 4500003000400000005001700004008004000021020001500061040000700076041000800083082002200091100002200113245005400135260005200189300002600241520052400267650001600791650001700807650001800824650001900842650001400861650001800875650001600893650001800909650001300927690003400940906001100974942001200985999001900997952014601016952013401162OSt20221220142007.0210210b1993 xxu||||| |||| 00| 0 eng d a0002720663 cAL aeng a820.33 223bSENI aSEN (Mala)966982 aIndias bandit queen: a true story of Phoolan Devi aNew DelhibHarperCollins Publishers Indiac1991 axiv,262bPBc23x15cm. aBorn into poverty in Northern India, Phoolan Devi has become one of the most famous bandits in India's history, a living legend revered by millions. In revenge for the murder of her lover - and her own rape - Phoolan is said to have been responsible for the murder of 22 highcaste Hindu men. Based on prison diaries, letters, family interviews, police records and eye witness accounts, this updated edition takes account of recent developments in Phoolan's story - as well as wider events in India's troubled democracy. atrue966983 astory966984 aqueen:966985 aPhoolan966986 aof966987 aIndias966988 aDevi966989 abandit966990 aa966991 aIndian English Fiction966992 a054596 2ddccBK c102662d102662 001040708EnglishaALbALcEnglish Literatured2021-02-17g0.00l3m1o820.33 SENIp054596r2025-12-20 10:55:57s2025-12-18w2021-02-17yBK 00102ddc40708ENGaALbALd2014-12-03l0o820.33 SENIpD05459r2022-12-20 00:00:00w2022-12-20yDBzDonated by V. T. Rajshekar